[Event "POL-chT 2nd League"]
[Site "Jastrzebia Gora"]
[Date "2015.09.06"]
[Round "2.30"]
[White "Mackiewicz, Anna"]
[Black "Pacuszka, Wioletta"]
[Result "0-1"]
[WhiteElo "1955"]
[BlackElo "1943"]
[PlyCount "133"]
[EventDate "2015.09.05"]
[EventType "team-swiss"]
[EventRounds "9"]
[EventCountry "POL"]
[SourceTitle "EXT 2017"]
[Source "ChessBase"]
[SourceDate "2016.10.25"]
[SourceVersion "1"]
[SourceVersionDate "2016.10.25"]
[SourceQuality "1"]
[WhiteTeam "Bydgoszcz Hetman"]
[BlackTeam "Grudziadz Rotmistrz II"]
[WhiteTeamCountry "POL"]
[BlackTeamCountry "POL"]

1. d4 d5 2. c4 e6 3. Nc3 Nf6 4. Nf3 Nbd7 5. Bg5 Be7 6. e3 0-0 7. Bd3 dxc4 8. Bxc4 c5 9. 0-0 a6 10. a4 cxd4 11. Nxd4 Ne5 12. Be2 Qb6 13. Qb3 Qxb3 14. Nxb3 h6 15. Bh4 Bd7 16. Rfd1 Rfd8 17. Bg3 Nc6 18. a5 Nb4 19. Bf3 Bc6 20. Bxc6 Nxc6 21. Na4 Rxd1+ 22. Rxd1 Rd8 23. Rc1 Ne4 24. Kf1 Rd5 25. Bc7 Rb5 26. Rc4 Rxb3 27. Rxe4 Rb4 28. Rxb4 Bxb4 29. Ke2 Bxa5 30. Bxa5 Nxa5 31. Nc5 Kf8 32. Kd3 Ke7 33. b4 Nc6 34. Nxb7 Nxb4+ 35. Kc4 Nc6 36. Kc5 Ne5 37. Kd4 Ng4 38. Nc5 a5 39. Nd3 Nxh2 40. Kc5 Ng4 41. Kb5 Kd6 42. Kxa5 e5 43. e4 f5 44. f3 fxe4 45. fxe4 Ne3 46. g3 Nf1 47. g4 Ng3 48. Kb4 Nxe4 49. Kc4 Nf6 50. Nf2 g5 51. Kd3 Kd5 52. Ke3 Kc4 53. Ne4 Nxg4+ 54. Kf3 Kd4 55. Nd6 e4+ 56. Kxg4 e3 57. Kf3 Kd3 58. Kg3 h5 59. Kg2 g4 60. Kf1 g3 61. Nf7 Kd2 62. Ne5 Kd1 63. Kg2 e2 64. Nf3 h4 65. Kh3 e1Q 66. Kxh4 Qf2 67. Ng5 0-1